[Event "Calvia Amateur op 6th"]
[Site "Calvia"]
[Date "2009.10.15"]
[Round "6"]
[White "Feiguelman, Igor"]
[Black "Lechado Artigues, Pedro"]
[Result "1/2-1/2"]
[WhiteElo "1952"]
[BlackElo "2110"]
[PlyCount "44"]
[EventDate "2009.10.10"]
[EventType "swiss"]
[EventRounds "9"]
[EventCountry "ESP"]
[SourceTitle "CBM 132 Extra"]
[Source "ChessBase"]
[SourceDate "2009.11.03"]
[SourceVersion "1"]
[SourceVersionDate "2009.11.03"]
[SourceQuality "1"]

1. d4 Nf6 2. Nc3 g6 3. e4 d6 4. Nf3 Bg7 5. Be2 0-0 6. 0-0 Bg4 7. h3 Bd7 8. Be3 Nc6 9. d5 Nb4 10. a3 Na6 11. Bxa6 bxa6 12. Qd3 Qc8 13. Nd4 Qb7 14. f4 e6 15. dxe6 fxe6 16. f5 e5 17. Nb3 Rab8 18. Na5 Qc8 19. b4 gxf5 20. exf5 e4 21. Qc4+ Kh8 22. g4 d5 1/2-1/2

[Event "Benidorm op U2000 07th"]
[Site "Benidorm"]
[Date "2008.12.01"]
[Round "3"]
[White "Romero Gomez, Juan Carlos"]
[Black "Feiguelman, Igor"]
[Result "1-0"]
[WhiteElo "1839"]
[BlackElo "1959"]
[PlyCount "29"]
[EventDate "2008.11.29"]
[EventType "swiss"]
[EventRounds "9"]
[EventCountry "ESP"]
[SourceTitle "CBM 127 Extra"]
[Source "ChessBase"]
[SourceDate "2009.01.08"]
[SourceVersion "2"]
[SourceVersionDate "2009.01.28"]
[SourceQuality "1"]

1. e4 e6 2. d4 d5 3. Nc3 Bb4 4. Qg4 Ne7 5. Qxg7 Rg8 6. Qxh7 c5 7. Nf3 cxd4 8. Ne5 Rf8 9. Bh6 Nbc6 10. Bb5 Bd7 11. Bxc6 Nxc6 12. Bxf8 Bxc3+ 13. bxc3 Nxe5 14. Qg8 Bb5 15. Bd6+ 1-0